000 00616nam a2200181Ia 4500
003 GCL
008 140319s9999 xx 000 0 ara d
040 _aGCL /
_cGCL
082 0 4 _a157.1
_bع س
100 1 _aعبدالمطلب امين الفريطى
245 1 0 _aسيكلوجية ذوى الاحتياجات الخاصة وتربيتهم /
_cعبدالمطلب امين الفريطى
300 _a257 ص
490 _aالهيئة العامة للاستعلامات
_v0
650 0 4 _aعلم النفس - تربية
650 0 4 _aعلم النفس - اعاقة
650 0 4 _aالشواذ
942 _2ddc
_cBK
999 _c47754
_d47754